Scrabble words from SCRABBLE - Statistics

General Stats
  • This quiz has been taken 85 times
  • The average score is 52 of 179
Answer Stats
Word % Correct
A
97%
Ba
96%
Crab
89%
Bar
88%
Be
88%
Ab
81%
La
81%
Car
79%
Bal
78%
Bel
78%
Cab
75%
Scar
73%
Re
71%
Able
68%
Ar
68%
Lab
64%
Bas
63%
Bear
62%
Cars
62%
Cel
60%
Crabs
59%
Bars
58%
Lea
58%
Sea
58%
Ear
56%
Al
55%
Bale
53%
Sab
52%
Bare
51%
Labs
51%
Cable
49%
Bears
48%
Cabs
48%
Rabble
48%
Race
48%
Scab
47%
Las
45%
Sal
45%
Sel
45%
Base
44%
Lear
44%
Abs
42%
Are
42%
As
42%
Sear
42%
Bares
41%
Leas
41%
Races
41%
Rale
41%
Scrabble
41%
Arc
40%
Er
40%
Real
40%
Scare
40%
Seal
40%
Care
38%
El
38%
Lac
38%
Ale
37%
Brace
37%
Lar
37%
Sale
37%
Scale
37%
Ables
36%
Cables
36%
Ears
36%
Lace
36%
Ars
34%
Bales
34%
Barb
34%
Carb
34%
Clear
34%
Lears
34%
Braces
33%
Cares
33%
Rabbles
32%
Arcs
30%
Bes
30%
Blab
30%
Laces
30%
Blare
29%
Ras
29%
Slab
29%
Blear
27%
Clears
27%
Reals
27%
Sable
27%
Abbe
26%
Ace
26%
Carbs
26%
Rales
26%
Acre
25%
Lars
25%
Res
25%
Barbs
23%
Lase
23%
Reb
23%
Sac
23%
Abler
22%
Ae
22%
Ales
22%
Es
22%
Era
21%
Aces
19%
Acres
19%
Als
19%
Blears
19%
Laser
19%
Les
19%
Ares
16%
Blares
16%
Eras
16%
Lacs
16%
Rase
16%
Bals
15%
Blabs
15%
Case
15%
Els
15%
Rebs
15%
Baler
14%
Baser
14%
Ebb
14%
Rec
14%
Sabe
14%
Abbes
12%
Bels
12%
Ebbs
12%
Sec
12%
Arb
11%
Barbe
11%
Cabler
11%
Ers
11%
Sae
11%
Earl
10%
Earls
10%
Lacer
10%
Ser
10%
Alb
8%
Babel
8%
Balers
8%
Barbel
8%
Carl
8%
Blase
7%
Cablers
7%
Lacers
7%
Lares
7%
Saber
7%
Sabre
7%
Albs
5%
Barbells
5%
Caber
5%
Cabers
5%
Cels
5%
Recs
5%
Scaler
5%
Arbs
4%
Carls
4%
Babels
3%
Barbes
3%
Bleb
3%
Brae
3%
Clabber
3%
Clabbers
3%
Sera
3%
Slabber
3%
Blae
1%
Braes
1%
Carse
1%
Acerb
0%
Alec
0%
Alecs
0%
Arles
0%
Blebs
0%
Carle
0%
Carles
0%
Escar
0%
Sclera
0%
Serac
0%
Seral
0%
No matching quizzes found
Score Distribution
Percent of People with Each Score
Percentile by Number Answered
Your Score History
You have not taken this quiz